Leader xxxxxxxxxx
001 __ PCLIS00055776
005 __ 20220225154247.0
010 0_ |a9789863880455|b平裝|dNT$480
042 __ |anbic
100 __ |a20160503d2016 m y0chiy09 e
101 0_ |achi
102 __ |atw
105 __ |ay z 000yd
200 1_ |a金庸筆下的真實大歷史|dJin Yong's true history|zeng|f填下烏賊著
205 __ |a初版
210 __ |a臺北市|c龍圖騰文化出版|a新北市土城區|c創智文化總經銷|d2016[民105]
215 0_ |a447面|d22公分
225 1_ |a龍圖騰文庫|vYL010
300 __ |a著者原名為湯大友
300 __ |a附錄: 金庸武俠大事年表, 金庸先生人物小傳
320 __ |a參考書目: 面442-447
510 1_ |aJin Yong's true history|zeng
600 _0 |a金庸|f1924-2018|2cst
606 __ |2cst|a武俠小說
606 __ |2cst|a文學評論
681 __ |a827.8|b8335
681 __ |a857.9|b8335
700 _0 |a填下烏賊|f1976- |4著
770 _1 |a湯|b大友
801 _0 |atw|b高雄市立圖書館|c20160705|gCCR
801 _1 |atw|b內湖高中|c20220129|gCCR
801 _2 |atw|b內湖高中|c20220129|gCCR
|